CLASSIC SHORT STORIES STORIES ABOUT LIFE (Record no. 5379)
[ view plain ]
| 000 -LEADER | |
|---|---|
| fixed length control field | 00313nam a2200121Ia 4500 |
| 008 - FIXED-LENGTH DATA ELEMENTS--GENERAL INFORMATION | |
| fixed length control field | 240624s9999 xx 000 0 und d |
| 041 ## - LANGUAGE CODE | |
| Language code of text/sound track or separate title | eng |
| 082 ## - DEWEY DECIMAL CLASSIFICATION NUMBER | |
| Classification number | 823 REA |
| 100 ## - MAIN ENTRY--PERSONAL NAME | |
| Personal name | READERS DIGEST |
| 245 ## - TITLE STATEMENT | |
| Title | CLASSIC SHORT STORIES STORIES ABOUT LIFE |
| 260 ## - PUBLICATION, DISTRIBUTION, ETC. | |
| Place of publication, distribution, etc. | New Delhi |
| Name of publisher, distributor, etc. | India Today |
| 300 ## - PHYSICAL DESCRIPTION | |
| Extent | 191 : p. : cm. ; 18 |
| Withdrawn status | Lost status | Damaged status | Not for loan | Home library | Current library | Shelving location | Date acquired | Total Checkouts | Full call number | Barcode | Date last seen | Date last checked out | Price effective from | Koha item type |
|---|---|---|---|---|---|---|---|---|---|---|---|---|---|---|
| IMTN | IMTN | Rack 38-B | 06/02/2007 | 4 | 823 REA | 5379 | 01/17/2026 | 01/08/2026 | 06/24/2024 | Books |